000 00424nam a2200133Ia 4500
008 100328s9999 xx 000 0 und d
082 _b5007
100 _aदेशपांडे माधव का.
245 _aवाङ्मय-दर्शन.
260 _bश्रीसमर्थ सदन
630 _aवाङ्मय-दर्शन.
730 _aवाङ्मय-दर्शन.
942 _cBOOK
999 _c501016
_d501013